• 首页
  • 本馆介绍
  • 公告通知
  • 最新文献
  • 馆藏检索
  • 电子资源
  • 读者导购
  • 参考咨询
  • 我的图书馆
  • 登录
  • 详细信息显示
  • 放入我的书架
  • 预约/预借图书
  • 作者相关作品
  • 分类相关作品
  • 丛书相关作品
  • 出版社相关作品

书目信息

  • 表格格式
  • 工作单格式
  • 卡片格式
题名:
神农本草经
    
 
作者: (战国)佚名著
分册: 第五十四卷  
出版信息: 北京   蓝天出版社  1998
页数: 143页
开本: 19cm
丛书名: 传世名著百部
单 册:
中图分类: R281.2
科图分类:
主题词:
电子资源:
ISBN: 7-80081-834-9
000 00675oam2 2200241 450
001 1556794765
005 20150117162436.89
010    @a7-80081-834-9@dCNY15.60
100    @a20021005d1998 emky0chiy0110 ea
101 0  @achi
102    @aCN@b110000
105    @ay z 000yy
200 1  @a神农本草经@Ashen nong ben cao jing@h第五十四卷@f(战国)佚名著
210    @a北京@c蓝天出版社@d1998
215    @a143页@d19cm
225 2  @a传世名著百部@v54@i中医名著
300    @a又名:神农本草
461  0 @12001 @a传世名著百部
517 1  @a神农本草@9shen nong ben cao
605    @a《神农本草经》
690    @aR281.2@v5
801  0 @aCN@bTSSF@c20150117
905    @aZUCC@dR281.2@eJY1:54
    
    神农本草经.第五十四卷/(战国)佚名著.-北京:蓝天出版社,1998
    143页;19cm.-(传世名著百部;54.中医名著)
    又名:神农本草
    
    ISBN 7-80081-834-9:CNY15.60
    
●
相关链接 在E读中查询图书 在五车中查询图书 在当当中查询图书 在豆瓣中查询图书


正题名:神农本草经     索取号:R281.2/JY1:54         预约/预借

序号 登录号 条形码 馆藏地/架位号 状态 备注
1 7852925   278529255   学院路分馆/ [索取号:R281.2/JY1:54] 在馆    
2 7852926   278529264   学院路分馆/ [索取号:R281.2/JY1:54] 在馆    
唐山师范学院图书馆 欢迎您!
大连网信软件有限公司© 版权所有